| 000 | 01141nam a2200301 a 4500 | ||
|---|---|---|---|
| 003 | BLK | ||
| 005 | 20250414154103.0 | ||
| 008 | 180412b bul|||||r ||||||| ||bul|| | ||
| 020 | _a9786197731194 | ||
| 040 | _aBLK | ||
| 041 |
_aBUL _cBUL |
||
| 080 |
_aБелгийска литература _b821.133.1(493) _x93-34 _z821.133.1(493)-93-34 |
||
| 100 |
_9489278 _aМажор, Леня _eпърви автор |
||
| 139 | _bМ 15 | ||
| 245 |
_aПриключения в далечното кралство _cЛеня Мажор, Карин Индер, Жером Пелисие ; прев. Жана Парашкевова. |
||
| 257 | _aBGR | ||
| 260 |
_aСофия _bАрт етърнал принт _c2023 _9489279 _n978-619-191- |
||
| 300 |
_a112 с. _bс цв. ил. _c29 см |
||
| 380 | _aDX | ||
| 700 |
_9489280 _aИндер, Карин |
||
| 700 |
_9489281 _aПелисие, Жером |
||
| 700 |
_9485673 _aПарашкевова, Жана _eпрев. |
||
| 856 |
_i0.00 _ldisable |
||
| 942 |
_cKNG _n0 _s1 _016 |
||
| 944 |
_aCR _cНора Радева _k30537 _lГрета Цуфелде |
||
| 999 |
_c496366 _d496366 |
||
| 999 | _d496366 | ||
| 999 | _d487493 | ||